Asokar anusasanmala (Record no. 2765)

MARC details
000 -LEADER
fixed length control field 00478cam a2200193ua 4500
001 - CONTROL NUMBER
control field 2919
005 - DATE AND TIME OF LATEST TRANSACTION
control field 20260515113614.0
008 - FIXED-LENGTH DATA ELEMENTS--GENERAL INFORMATION
fixed length control field 120209n ii |||gr||||Z||||||asm
040 ## - CATALOGING SOURCE
Transcribing agency MAIN
082 ## - DEWEY DECIMAL CLASSIFICATION NUMBER
Classification number 491.37
100 ## - MAIN ENTRY--PERSONAL NAME
Personal name Thakur, Nagen,
Relator term Author.
245 11 - TITLE STATEMENT
Title Asokar anusasanmala
Statement of responsibility, etc. by Nagen Thakur
250 ## - EDITION STATEMENT
Edition statement 1st.
260 ## - PUBLICATION, DISTRIBUTION, ETC.
Place of publication, distribution, etc. Guahati:
Name of publisher, distributor, etc. Jyoti Prakashan,992.
300 ## - PHYSICAL DESCRIPTION
Extent 93p:
Other physical details ill;
Dimensions 23cm.
653 ## - INDEX TERM--UNCONTROLLED
Uncontrolled term Assamese Language
653 ## - INDEX TERM--UNCONTROLLED
Uncontrolled term Asokar anusasanmala
942 ## - ADDED ENTRY ELEMENTS (KOHA)
Koha item type Books
Holdings
Withdrawn status Lost status Damaged status Not for loan Home library Current library Shelving location Date acquired Total checkouts Full call number Barcode Date last seen Copy number Price effective from Koha item type
        Naharkatiya College Library Naharkatiya College Library General stacks 09/19/2020   491.37 | THA 10100 09/19/2020 2 09/19/2020 Books
        Naharkatiya College Library Naharkatiya College Library General stacks 09/19/2020   491.37 | THA 8894 09/19/2020 1 09/19/2020 Books